Online
Catalog
Normal view MARC view

Entry Nombre personal

Number of records used in: 54

001 - NÚMERO DE CONTROL

  • campo de control: 1698

003 - IDENTIFICADOR DEL NÚMERO DE CONTROL

  • campo de control: BNPHU

005 - FECHA Y HORA DE LA ÚLTIMA TRANSACCIÓN

  • campo de control: 20240307193057.0

008 - DATOS DE LONGITUD FIJA

  • campo de control de longitud fija: 200615|| aca||aabn | a|a d

010 ## - NÚMERO DE CONTROL DE LA BIBLIOTECA DEL CONGRESO

  • Número de control de LC: n 89607069

040 ## - FUENTE DE LA CATALOGACIÓN

  • Centro catalogador/agencia de origen: DO-SdBNP
  • Lengua de catalogación: spa
  • Centro/agencia transcriptor: BNPHU
  • Normas de descripción: rda

100 1# - ENCABEZAMIENTO-NOMBRE DE PERSONA

  • Nombre de persona: Cestero, Tulio M.,
  • Forma completa/desarrollada del nombre: (Tulio Manuel),
  • Fechas asociadas al nombre: 1877-1955

370 ## - LUGAR ASOCIADO

  • Lugar de nacimiento: San Cristóbal, República Dominicana

374 ## - OCUPACIÓN

  • Ocupación: Poeta
  • Ocupación: Narrador
  • Ocupación: Ensayista
  • Ocupación: Dramaturgo
  • Ocupación: Militar
  • Ocupación: Político
  • Ocupación: Diplomático

375 ## - GÉNERO/SEXO

  • Género/Sexo: Masculino

377 ## - LENGUA/LENGUAJE ASOCIADO

  • Código del idioma: spa
  • Término de lengua/lenguaje: Español

378 ## - FORMA COMPLETA/DESARROLLADA DEL NOMBRE

  • Forma completa/desarrollada del nombre: (Tulio Manuel)

400 1# - TRAZADO DE VÉASE--NOMBRE DE PERSONA

  • Nombre de persona: Cestero, Tulio Manuel
  • Fechas asociadas al nombre: 1877-1955

670 ## - FUENTE DE DATOS ENCONTRADOS

  • Cita de la fuente: Cestero, Tulio Manuel, 1877-1955, La sangre :, 1974.

670 ## - FUENTE DE DATOS ENCONTRADOS

  • Identificador Uniforme del Recurso: https://viaf.org/processed/LC%7Cn%20%2089607069

670 ## - FUENTE DE DATOS ENCONTRADOS

  • Identificador Uniforme del Recurso: https://es.wikipedia.org/wiki/Tulio_Manuel_Cestero

Powered by Koha